| 000 | 00431 a2200121 4500 | ||
|---|---|---|---|
| 001 | ART_29927 | ||
| 005 | 20260410162002.0 | ||
| 008 | 260409a | ||
| 245 | 1 | 0 | _aSutiles diferencias entre las figuras de homicidio en grado de tentativa, lesiones y abuso de armas |
| 100 | 1 | _aAlvarez, Paula Sofía | |
| 700 | 1 | _aHaurigot, Valeria | |
| 773 | 0 |
_tIntercátedras _gIV y V Encuentro 2013 - Nº 2 (jun. 2014) _wREV29919 |
|
| 999 |
_c31387 _d31387 |
||